000 00683nam a2200217Ia 4500
001 13730
003 GE_BSU
008 181216s||||||||xx |||||||||||||| ||und||
040 _cGE_BSU
080 _a82-93:821.353.1-32
100 _aრაზიკაშვილი,თედო
245 _aქორის ბახალა
245 _cრედ.ე.კუბლაშვილი, მხატვ.ა.კაკაბაძე
260 _aთბილისი
260 _bნაკადული
260 _c1969
300 _a15გვ.ილ.21სმ.
653 _aმოთხრობები
653 _aქორის ბახალა
942 _cBK
999 _c46878
_d46878